[Event "11th Dolomiti Open 2020"]
[Site "Forni di Sopra"]
[Date "2020.10.03"]
[Round "9.6"]
[White "Fischer, Daniel"]
[Black "Barp, Alberto"]
[Result "1-0"]
[WhiteElo "2331"]
[BlackElo "2377"]
[Annotator "ChessBase"]
[PlyCount "99"]
[EventDate "2020.09.26"]
[EventType "swiss"]
[EventCountry "ITA"]
[SourceTitle "playchess.com"]
[Source "ChessBase"]
[SourceQuality "1"]
[TimeControl "40/5400+30:1800+30"]

1. e4 {[%emt 0:00:00]} c6 {[%emt 0:00:52]} 2. d4 {[%emt 0:00:00]} d5 {[%emt 0:00:02]} 3. e5 {[%emt 0:00:00]} Bf5 {[%emt 0:00:17]} 4. Nf3 {[%emt 0:00:00]} e6 {[%emt 0:00:02]} 5. Be2 {[%emt 0:00:06]} Nd7 {[%emt 0:00:44]} 6. O-O {[%emt 0:00:11]} h6 {[%emt 0:00:04]} 7. Nbd2 {[%emt 0:00:12]} Ne7 {[%emt 0:00:05]} 8. Nb3 {[%emt 0:00:13]} g5 {[%emt 0:00:05]} 9. a4 {[%emt 0:00:17]} Bg7 {[%emt 0:00:34]} 10. a5 {[%emt 0:00:17]} Qc7 {[%emt 0:00:54]} 11. Bd2 {[%emt 0:00:09]} c5 {[%emt 0:13:36]} 12. Nxc5 {[%emt 0:00:10]} Nxc5 {[%emt 0:00:04]} 13. dxc5 {[%emt 0:00:04]} Qxc5 {[%emt 0:01:20]} 14. c3 {[%emt 0:00:07]} O-O {[%emt 0:05:33]} 15. Be3 {[%emt 0:10:48]} Qc7 {[%emt 0:01:18]} 16. h4 {[%emt 0:00:19]} g4 {[%emt 0:14:21]} 17. Nd4 {[%emt 0:00:08]} Qxe5 {[%emt 0:00:14]} 18. Bxg4 {[%emt 0:04:20]} Bxg4 {[%emt 0:01:25]} 19. Qxg4 {[%emt 0:00:06]} Qf6 {[%emt 0:15:06]} 20. a6 {[%emt 0:07:54]} b6 {[%emt 0:01:50]} 21. Rfe1 {[%emt 0:09:36]} e5 {[%emt 0:02:43]} 22. Nf3 {[%emt 0:10:53]} Nc6 {[%emt 0:07:15]} 23. b4 {[%emt 0:07:40]} b5 {[%emt 0:04:57]} 24. Bc5 {[%emt 0:07:51]} Rfe8 {[%emt 0:00:11]} 25. Rad1 {[%emt 0:03:08]} Rad8 {[%emt 0:01:04]} 26. Rd2 {[%emt 0:02:58]} Kh7 {[%emt 0:03:12]} 27. Red1 {[%emt 0:07:45]} Qe6 {[%emt 0:00:07]} 28. Qh5 {[%emt 0:01:57]} Kg8 {[%emt 0:01:08]} 29. Nh2 {[%emt 0:02:18]} f5 {[%emt 0:02:53]} 30. Rxd5 {[%emt 0:01:03]} Rxd5 {[%emt 0:01:09]} 31. Rxd5 {[%emt 0:00:05]} Qxd5 {[%emt 0:00:41]} 32. Qxe8+ {[%emt 0:00:07]} Kh7 {[%emt 0:00:04]} 33. h5 {[%emt 0:05:45]} e4 {[%emt 0:01:45]} 34. Qg6+ {[%emt 0:00:41]} Kh8 {[%emt 0:00:20]} 35. Qe8+ {[%emt 0:07:05]} Kh7 {[%emt 0:00:04]} 36. Qg6+ {[%emt 0:00:12]} Kh8 {[%emt 0:00:01]} 37. Be3 {[%emt 0:01:01]} Ne5 {[%emt 0:04:26]} 38. Qe8+ {[%emt 0:01:49]} Kh7 {[%emt 0:00:15]} 39. Bxa7 {[%emt 0:01:32]} Qd1+ {[%emt 0:06:33]} 40. Nf1 {[%emt 0:00:06]} Qg4 {[%emt 0:02:06]} 41. Bb8 {[%emt 0:22:18]} Nf3+ {[%emt 0:05:25]} 42. Kh1 {[%emt 0:00:05]} Qh4+ {[%emt 0:03:39]} 43. Nh2 {[%emt 0:01:03]} Nxh2 {[%emt 0:04:45]} 44. Bxh2 {[%emt 0:00:17]} Qxf2 {[%emt 0:01:32]} 45. Qg6+ {[%emt 0:02:05]} Kh8 {[%emt 0:00:08]} 46. Qg3 {[%emt 0:01:45]} Qf1+ {[%emt 0:03:14]} 47. Bg1 {[%emt 0:00:04]} f4 {[%emt 0:03:21]} 48. Qg4 {[%emt 0:04:48]} f3 {[%emt 0:03:35]} 49. a7 {[%emt 0:01:09]} fxg2+ {[%emt 0:00:37]} 50. Qxg2 {[%emt 0:00:27]} 1-0

[Event "11th Dolomiti Open 2020"]
[Site "Forni di Sopra"]
[Date "2020.10.03"]
[Round "9.7"]
[White "Simonetto, Andrea"]
[Black "Fecker, Noah"]
[Result "1/2-1/2"]
[WhiteElo "2195"]
[BlackElo "2345"]
[Annotator "ChessBase"]
[PlyCount "70"]
[EventDate "2020.09.26"]
[EventType "swiss"]
[EventCountry "ITA"]
[SourceTitle "playchess.com"]
[Source "ChessBase"]
[SourceQuality "1"]
[TimeControl "40/5400+30:1800+30"]

1. Nf3 {[%emt 1:30:30]} c5 {[%emt 0:00:00]} 2. e3 {[%emt 0:00:00]} Nc6 {[%emt 0:00:00]} 3. d4 {[%emt 0:00:00]} cxd4 {[%emt 0:00:27]} 4. exd4 {[%emt 0:00:00]} d5 {[%emt 0:00:03]} 5. c4 {[%emt 0:00:00]} Nf6 {[%emt 0:00:06]} 6. Nc3 {[%emt 0:00:00]} Be6 {[%emt 0:00:06]} 7. Bg5 {[%emt 0:00:00]} g6 {[%emt 0:05:59]} 8. Bxf6 {[%emt 0:00:00]} exf6 {[%emt 0:00:10]} 9. c5 {[%emt 0:00:00]} Bg7 {[%emt 0:06:51]} 10. Bb5 {[%emt 0:00:00]} O-O {[%emt 0:02:11]} 11. Qa4 {[%emt 0:00:00]} Ne7 {[%emt 0:06:35]} 12. O-O {[%emt 0:00:00]} g5 {[%emt 0:04:04]} 13. Rfe1 {[%emt 0:00:00]} a6 {[%emt 0:08:18]} 14. Bd3 {[%emt 0:00:00]} Ng6 {[%emt 0:04:23]} 15. g3 {[%emt 0:00:00]} f5 {[%emt 0:09:14]} 16. Qc2 {[%emt 0:00:00]} f4 {[%emt 0:06:00]} 17. b4 {[%emt 0:00:00]} Re8 {[%emt 0:11:11]} 18. Rab1 {[%emt 0:00:00]} Rc8 {[%emt 0:01:05]} 19. Na4 {[%emt 0:00:00]} fxg3 {[%emt 0:03:11]} 20. hxg3 {[%emt 0:00:00]} g4 {[%emt 0:01:50]} 21. Ne5 {[%emt 0:00:00]} Qg5 {[%emt 0:01:16]} 22. Nb6 {[%emt 0:00:00]} Bxe5 {[%emt 0:03:40]} 23. Bxg6 {[%emt 0:00:00]} hxg6 {[%emt 0:03:38]} 24. Rxe5 {[%emt 0:00:00]} Bf5 {[%emt 0:00:23]} 25. Rxf5 {[%emt 0:00:00]} gxf5 {[%emt 0:00:54]} 26. Nxc8 {[%emt 0:00:00]} Rxc8 {[%emt 0:00:13]} 27. Re1 {[%emt 0:00:00]} Kg7 {[%emt 0:05:13]} 28. Qe2 {[%emt 0:00:00]} Qh6 {[%emt 0:06:12]} 29. Qe5+ {[%emt 0:00:00]} Kg6 {[%emt 0:00:05]} 30. Qxd5 {[%emt 0:00:00]} Rh8 {[%emt 0:00:02]} 31. Qxb7 {[%emt 0:00:00]} Qd2 {[%emt 0:00:44]} 32. Qe7 {[%emt 0:01:45]} Qh6 {[%emt 0:01:16]} 33. Qh4 {[%emt 0:04:08]} Qg7 {[%emt 0:01:04]} 34. Qe7 {[%emt 0:00:01]} Qh6 {[%emt 0:00:01]} 35. Qb7 {[%emt 0:04:04]} Qd2 {[%emt 0:00:14]} 1/2-1/2

[Event "11th Dolomiti Open 2020"]
[Site "Forni di Sopra"]
[Date "2020.10.03"]
[Round "9.9"]
[White "Sirletti, Sonia"]
[Black "Bisignano, Giuseppe"]
[Result "1-0"]
[WhiteElo "1804"]
[BlackElo "1818"]
[Annotator "NA"]
[PlyCount "46"]
[EventDate "2020.09.26"]
[EventType "swiss"]
[EventCountry "ITA"]
[SourceTitle "playchess.com"]
[Source "ChessBase"]
[SourceQuality "1"]
[TimeControl "40/5400+30:1800+30"]

1. d4 {[%emt 0:00:06]} Nf6 {[%emt 0:00:00]} 2. Nf3 {[%emt 0:00:06]} e6 {[%emt 0:00:00]} 3. e3 {[%emt 0:00:07]} c5 {[%emt 0:00:00]} 4. Bd3 {[%emt 0:00:11]} Nc6 {[%emt 0:00:23]} 5. O-O {[%emt 0:00:17]} d5 {[%emt 0:02:21]} 6. b3 {[%emt 0:00:19]} cxd4 {[%emt 0:00:27]} 7. exd4 {[%emt 0:00:07]} Bd6 {[%emt 0:01:23]} 8. Bb2 {[%emt 0:00:13]} O-O {[%emt 0:00:51]} 9. Nbd2 {[%emt 0:00:15]} Qc7 {[%emt 0:01:50]} 10. a3 {[%emt 0:01:22]} a6 {[%emt 0:07:05]} 11. Qe2 {[%emt 0:01:08]} Bd7 {[%emt 0:03:14]} 12. Ne5 {[%emt 0:04:11]} Be8 {[%emt 0:04:41]} 13. f4 {[%emt 0:02:59]} g6 {[%emt 0:04:18]} 14. Kh1 {[%emt 0:04:03]} Kg7 {[%emt 0:08:36]} 15. Rf3 {[%emt 0:16:07]} h5 {[%emt 0:08:33]} 16. Rh3 {[%emt 0:05:15]} Ne7 {[%emt 0:01:30]} 17. c4 {[%emt 0:05:18]} Nf5 {[%emt 0:03:36]} 18. Rc1 {[%emt 0:00:41]} Rc8 {[%emt 0:04:21]} 19. cxd5 {[%emt 0:14:28]} Qxc1+ {[%emt 0:01:07]} 20. Bxc1 {[%emt 0:00:08]} Rxc1+ {[%emt 0:00:06]} 21. Nf1 {[%emt 0:00:06]} Nxd4 {[%emt 0:00:33]} 22. Qb2 {[%emt 0:01:34]} Rd1 {[%emt 0:08:02]} 23. Qxd4 {[%emt 0:03:39]} Bb5 {[%emt 0:00:33]} 1-0

[Event "11th Dolomiti Open 2020"]
[Site "Forni di Sopra"]
[Date "2020.10.03"]
[Round "9.10"]
[White "Ollari, Luca"]
[Black "Papale, Carmelo"]
[Result "1-0"]
[WhiteElo "1826"]
[BlackElo "1741"]
[Annotator "NA"]
[PlyCount "111"]
[EventDate "2020.09.26"]
[EventType "swiss"]
[EventCountry "ITA"]
[SourceTitle "playchess.com"]
[Source "ChessBase"]
[SourceQuality "1"]
[TimeControl "40/5400+30:1800+30"]

1. e4 {[%emt 0:00:00]} c5 {[%emt 0:00:00]} 2. a3 {[%emt 0:00:00]} d6 {[%emt 0:04:02]} 3. b4 {[%emt 0:00:03]} Qc7 {[%emt 0:01:44]} 4. Nc3 {[%emt 0:01:40]} e6 {[%emt 0:03:12]} 5. Nf3 {[%emt 0:02:14]} a6 {[%emt 0:00:32]} 6. Bb2 {[%emt 0:01:05]} Nf6 {[%emt 0:01:36]} 7. b5 {[%emt 0:05:52]} Be7 {[%emt 0:02:49]} 8. Be2 {[%emt 0:08:12]} Nbd7 {[%emt 0:05:09]} 9. a4 {[%emt 0:01:24]} a5 {[%emt 0:08:08]} 10. O-O {[%emt 0:00:35]} b6 {[%emt 0:00:04]} 11. d3 {[%emt 0:03:48]} Bb7 {[%emt 0:02:54]} 12. Nd2 {[%emt 0:00:04]} O-O {[%emt 0:01:21]} 13. f4 {[%emt 0:00:13]} Rad8 {[%emt 0:03:56]} 14. Bf3 {[%emt 0:00:37]} d5 {[%emt 0:07:52]} 15. e5 {[%emt 0:01:48]} Ne8 {[%emt 0:00:47]} 16. Qe1 {[%emt 0:01:45]} g6 {[%emt 0:04:36]} 17. Ne2 {[%emt 0:03:20]} Ng7 {[%emt 0:00:53]} 18. Ng3 {[%emt 0:00:08]} Bh4 {[%emt 0:01:07]} 19. Qe2 {[%emt 0:01:16]} f6 {[%emt 0:06:24]} 20. c4 {[%emt 0:14:53]} fxe5 {[%emt 0:07:12]} 21. cxd5 {[%emt 0:03:25]} exd5 {[%emt 0:01:06]} 22. fxe5 {[%emt 0:02:46]} Rde8 {[%emt 0:02:05]} 23. d4 {[%emt 0:05:18]} Ne6 {[%emt 0:04:06]} 24. Bg4 {[%emt 0:02:51]} cxd4 {[%emt 0:03:34]} 25. Bxe6+ {[%emt 0:02:37]} Rxe6 {[%emt 0:00:23]} 26. Qg4 {[%emt 0:02:34]} Qxe5 {[%emt 0:02:47]} 27. Bxd4 {[%emt 0:00:32]} Qd6 {[%emt 0:06:18]} 28. Qxh4 {[%emt 0:00:15]} Qb4 {[%emt 0:19:23]} 29. Nf3 {[%emt 0:02:14]} Re4 {[%emt 0:00:00]} 30. Nxe4 {[%emt 0:10:16]} dxe4 {[%emt 0:00:00]} 31. Qh3 {[%emt 0:01:29]} Rf7 {[%emt 0:00:00]} 32. Rfb1 {[%emt 0:08:02]} Qc4 {[%emt 0:00:00]} 33. Ng5 {[%emt 0:00:45]} Qxd4+ {[%emt 0:00:00]} 34. Kh1 {[%emt 0:00:02]} Re7 {[%emt 0:03:00]} 35. Rd1 {[%emt 0:00:28]} Qe5 {[%emt 0:00:00]} 36. Qb3+ {[%emt 0:01:17]} Kg7 {[%emt 0:00:00]} 37. Ne6+ {[%emt 0:01:47]} Kh8 {[%emt 0:00:00]} 38. Nd8 {[%emt 0:01:17]} Nc5 {[%emt 0:00:00]} 39. Nf7+ {[%emt 0:00:45]} Kg7 {[%emt 0:00:00]} 40. Nxe5 {[%emt 0:00:30]} Nxb3 {[%emt 0:00:00]} 41. Ra3 {[%emt 0:32:21]} Nc5 {[%emt 0:22:28]} 42. Nc4 {[%emt 0:00:33]} Re6 {[%emt 0:00:22]} 43. Kg1 {[%emt 0:07:22]} Nd3 {[%emt 0:03:53]} 44. Ne3 {[%emt 0:01:26]} Kf6 {[%emt 0:01:57]} 45. Rc3 {[%emt 0:00:00]} Nc5 {[%emt 0:00:00]} 46. Rc4 {[%emt 0:00:00]} h5 {[%emt 0:00:00]} 47. h4 {[%emt 0:00:00]} Ke5 {[%emt 0:00:00]} 48. g3 {[%emt 0:00:00]} Rf6 {[%emt 0:00:00]} 49. Rcd4 {[%emt 0:00:00]} Rf3 {[%emt 0:00:00]} 50. Nc4+ {[%emt 0:00:00]} Ke6 {[%emt 0:00:00]} 51. Rd6+ {[%emt 0:00:00]} Ke7 {[%emt 0:00:00]} 52. Rxg6 {[%emt 0:00:00]} Kf7 {[%emt 0:00:00]} 53. Ne5+ {[%emt 0:00:00]} Ke8 {[%emt 0:10:50]} 54. Rc1 {[%emt 0:07:11]} Nd3 {[%emt 0:00:30]} 55. Nc4 Nc5 {[%emt 0:00:30]} 56. Ne3 1-0